Statistiques concernant le bon personnage

Cliquez ici pour prendre le quiz!

Statistiques générales

  • Ce quiz a été pris 88 fois
  • Le résultat moyen est 14 sur 30

Statistiques - réponses

univers/film/sériedescriptionpersonnage% Correct
Harry PotterIl est le meilleur ami du héro dans le film.Ron Weasley
89%
MarvelIl est le Dieu du tonnerre.Thor
89%
Star WarsIl est un petit robot.R2-D2
86%
MarvelIl est riche et possède une armure.Tony Stark
81%
MarvelC'est un arbre et l'ami d'un raton laveur.Groot
80%
MarvelElle est une ancienne espionne russe et fait parti des Avengers.Natasha Romanoff
80%
Harry PotterIl est le directeur de l'école.Albus Dumbledore
78%
MarvelIl est un héro de la guerre et a été congelé pendant très longtemps.Captain America/Steve Rogers
78%
Forrest GumpIl est un homme simple d'esprit.Forrest Gump
77%
Harry PotterIl est professeur de potion et était amoureux de la mère du personnage principal.Severus Rogue
76%
Harry PotterIl est un loup-garou et ancien professeur de Défense contre les forces du mal.Remus Lupin
75%
Le Seigneur des anneauxC'est un elfe blond et un très bon archer.Legolas
67%
MarvelIl est ce raton laveur.Rocket
58%
MarvelSes pouvoirs proviennent d'une pierre.Wanda Maximoff
49%
Les Animaux fantastiquesIl a une malle contenant d'étranges créatures.Norbert Dragonneau
46%
Alice au pays des merveillesIl aime le thé et comme son nom l'indique il l'est.Chapelier fou
42%
Ginny & GeorgiaElle est tombé enceinte dans son adolescence.Georgia Miller
32%
SullyIl est le pilote ayant sauvé ses passagers en faisant un atterrissage dans l'Hudson.Sully
32%
MarvelIl est le frère jumeau de cette dernière.Pietro Maximoff
28%
Fast and FuriousIl est un ancien policier du LAPD et est devenu le meilleur ami de Dom.Brian O'Conner
19%
CharmedElle a appris assez tard qu'elle avait des sœurs.Paige Matthews
19%
Le HobbitIl est un roi elfe et le père de ce dernier.Thranduil
16%
Le HobbitElle est une elfe et est amoureuse d'un nain.Tauriel
11%
ScreamIl est le petit copain tueur de cette dernière.Billy Loomis
10%
ScreamElle est la survivante de son groupe d'amis.Sidney Prescott
10%
Da Vinci codeIl est un professeur d'Harvard et mène comme une enquête sur la religion.Robert Langdon
6%
ScreamElle est la fille d'un des Ghostfaces du premier film (1996).Samantha Carpenter
6%
Fast and FuriousElle est une cyber terroriste qui recrute de force Dom.Cipher
4%
ScreamIl avait une sœur et est sorti avec une journaliste.Dewey Riley
4%
ScreamElle est la sœur de ce dernier et a été tué dans la maison de Stu.Tatum Riley
3%

Distribution des résultats

Percentile par nombre de réponses

% des personnes avec chaque résultat

Votre développement - résultats

Vous n’avez pas pris ce quiz